Máximos goleadores de la Serie A 2013-2014 - Estadísticas

Estadísticas generales
  • Esta prueba ha sido intentada 15 veces
  • La puntuación promedio es 6 de 12
Estadísticas de respuestas
Goles Nacionalidad Equipo Jugador % Correcto
19 Argentina Juventus Carlos Tévez
87%
22 Italia Torino Ciro Immobile
87%
17 Italia Udinese Antonio Di Natale
80%
16 Italia Sassuolo Domenico Berardi
73%
17 Argentina Napoli Gonzalo Higuaín
73%
16 España Juventus Fernando Llorente
60%
15 España Napoli José Callejón
53%
20 Italia Hellas Verona Luca Toni
53%
17 Argentina Inter Rodrigo Palacio
27%
16 Italia Fiorentina Giuseppe Rossi
7%
15 Brasil Livorno Paulinho
7%
15 Italia Genoa Alberto Gilardino
0%
No se encontraron pruebas coincidentes
Distribución de puntuación
Porcentaje de gente con cada puntuación
Porcentaje por número respondido
Historial de tus puntuaciones
No has intentado esta prueba.